00687nam a2200205 a 4500008004100000020002200041100002200063245010400085250001200189260004600201300003000247504004100277500002000318650003300338650005900371700002400430003000100454005001700455040000900472  a0201514206 (pbk.)1 aCushing, Barry E.10aAccounting information systems :ba comprehensive approach /cBarry E. Cushing, Marshall B. Romney. a5th ed. aReading, Mass. :bAddison-Wesley,cc1990. axv, 827 [42] p. ;c24 cm. aIncludes bibliographical references. aIncludes index. 0aAccountingxData processing. 0aInformation storage and retrieval systemsxAccounting.1 aRomney, Marshall B.20230123133556.0 cNUST